|
|
|
|
| LEADER |
00000nab a2200000 a 4500 |
| 001 |
vtls000735094 |
| 003 |
SK-MaSNL |
| 005 |
20260303204923.0 |
| 008 |
180205c2000 xo 0 slo |
| 015 |
|
|
|a SNBRB2000/10-25150
|
| 035 |
|
|
|a CLN000086962
|
| 040 |
|
|
|a SNKBUCL
|b slo
|c SNKBUCL
|e AACR2
|
| 041 |
0 |
|
|a slo
|
| 044 |
|
|
|a xo
|c SK
|
| 080 |
|
|
|a 69(437.6)
|2 UDC-MRF-SK2
|
| 080 |
|
|
|a 347.771
|2 UDC-MRF-SK2
|
| 245 |
0 |
0 |
|a Klasifikačný systém stavebných prác
|
| 300 |
|
|
|b Obr.
|
| 650 |
0 |
7 |
|a klasifikácia
|2 SNK
|9 3849
|
| 650 |
0 |
7 |
|a stavebné práce
|2 SNKPH
|9 68050
|
| 655 |
|
7 |
|a články z novín a časopisov
|2 SNK
|9 267496
|
| 773 |
0 |
|
|x 1335-1818
|t Slovenské stavebníctvo
|g Roč. 5, č. 5/6 (2000), s. 3-6
|
| 850 |
|
|
|a Slovenská národná knižnica v Martine
|
| 852 |
|
|
|a SNK
|b KIS3GCP
|
| 958 |
|
|
|a RBX
|
| 999 |
|
|
|c 2192597
|d 2194527
|